<?xml version="1.0" encoding="UTF-8"?><?xml-stylesheet type="text/xsl" href="static/style.xsl"?><OAI-PMH xmlns="http://www.openarchives.org/OAI/2.0/" xmlns:xsi="http://www.w3.org/2001/XMLSchema-instance" xsi:schemaLocation="http://www.openarchives.org/OAI/2.0/ http://www.openarchives.org/OAI/2.0/OAI-PMH.xsd"><responseDate>2026-04-14T04:28:46Z</responseDate><request verb="GetRecord" identifier="oai:www.recercat.cat:10256/23947" metadataPrefix="marc">https://recercat.cat/oai/request</request><GetRecord><record><header><identifier>oai:recercat.cat:10256/23947</identifier><datestamp>2024-05-22T11:39:21Z</datestamp><setSpec>com_2072_452966</setSpec><setSpec>com_2072_2054</setSpec><setSpec>col_2072_452968</setSpec></header><metadata><record xmlns="http://www.loc.gov/MARC21/slim" xmlns:dcterms="http://purl.org/dc/terms/" xmlns:xsi="http://www.w3.org/2001/XMLSchema-instance" xmlns:doc="http://www.lyncode.com/xoai" xsi:schemaLocation="http://www.loc.gov/MARC21/slim http://www.loc.gov/standards/marcxml/schema/MARC21slim.xsd">
   <leader>00925njm 22002777a 4500</leader>
   <datafield ind2=" " ind1=" " tag="042">
      <subfield code="a">dc</subfield>
   </datafield>
   <datafield ind2=" " ind1=" " tag="720">
      <subfield code="a">Segorbe Serra, Paula</subfield>
      <subfield code="e">author</subfield>
   </datafield>
   <datafield ind2=" " ind1=" " tag="260">
      <subfield code="c">2023-09-01</subfield>
   </datafield>
   <datafield ind2=" " ind1=" " tag="520">
      <subfield code="a">En el camp de la Enginyeria hidràulica, els sistemes de bombeig presenten un gran paper&#xd;
dins la necessitat de generar diferents tipus d’energia, és el cas de les bombes centrífugues.&#xd;
Molts dels assajos d’aquestes bombes es duen a terme en bancs de proves per veure com&#xd;
afecta el disseny del rodet en les Corbes de funcionament. Gràcies a la fabricació additiva&#xd;
es possible dissenyar i imprimir rodets de geometries diferents i assajar-los al banc,&#xd;
comparant els resultats amb la teoria de Disseny de turbomàquines</subfield>
   </datafield>
   <datafield ind2=" " ind1=" " tag="520">
      <subfield code="a">In the field of hydraulic engineering, pumping systems play a major role&#xd;
within the need to generate different types of energy, this is the case of centrifugal pumps.&#xd;
Many of the tests of these bombs are carried out on test beds to see how&#xd;
affects the design of the roller in the Operating Curves. Thanks to additive manufacturing&#xd;
it is possible to design and print rollers of different geometries and test them on the bench,&#xd;
comparing the results with the theory of Design of turbomachines</subfield>
   </datafield>
   <datafield ind1="8" ind2=" " tag="024">
      <subfield code="a">http://hdl.handle.net/10256/23947</subfield>
   </datafield>
   <datafield tag="653" ind2=" " ind1=" ">
      <subfield code="a">Enginyeria hidràulica</subfield>
   </datafield>
   <datafield tag="653" ind2=" " ind1=" ">
      <subfield code="a">Hydraulic engineering</subfield>
   </datafield>
   <datafield tag="653" ind2=" " ind1=" ">
      <subfield code="a">Fluid mechanics</subfield>
   </datafield>
   <datafield tag="653" ind2=" " ind1=" ">
      <subfield code="a">Mecànica de fluids</subfield>
   </datafield>
   <datafield ind2="0" ind1="0" tag="245">
      <subfield code="a">Disseny i construcció d'un banc de proves de rodets hidràulics</subfield>
   </datafield>
</record></metadata></record></GetRecord></OAI-PMH>